Psicopatología y semiología psiquiatrica
Gorde:
| Egile nagusia: | |
|---|---|
| Formatua: | Liburua |
| Hizkuntza: | gaztelania |
| Argitaratua: |
Santiago
Universitaria
1987
|
| Saila: | Colección El Mundo de las Ciencias
|
| Gaiak: | |
| Etiketak: |
Etiketa erantsi
Etiketarik gabe, Izan zaitez lehena erregistro honi etiketa jartzen!
|
MARC
| LEADER | 00000nam a2200000 a 4500 | ||
|---|---|---|---|
| 001 | UCW6718 | ||
| 003 | CL-VaPUC | ||
| 005 | 20230808101938.0 | ||
| 008 | 920429e19870000CL |||||||||||||||||spa|d | ||
| 999 | |c 219682 |d 219680 | ||
| 040 | |c Pontificia Universidad Católica de Valparaíso | ||
| 082 | 0 | 4 | |a 616.8 |b CAP |2 21 |
| 100 | 0 | |a Capponi M., Ricardo |e author |9 311771 | |
| 245 | 1 | 0 | |a Psicopatología y semiología psiquiatrica |
| 260 | |a Santiago |b Universitaria |c 1987 | ||
| 300 | |a 320 p | ||
| 490 | 0 | |a Colección El Mundo de las Ciencias | |
| 583 | |a last modification |c 19920429 00:00:00 |k Rodrigo Vera | ||
| 650 | 0 | |a Psicopatología |9 307473 | |
| 650 | 0 | |a Psiquiatría |9 308427 |x Semiología | |
| 942 | |c BK |2 ddc | ||
| 945 | |d 19920429 00:00:00 | ||
| 952 | |0 0 |1 0 |4 0 |6 616_800000000000000_CAP_1987 |7 0 |8 R |9 210892 |a BIBEDU |b BIBEDU |d 2019-11-15 |i 2791242 |l 1 |o 616.8 CAP 1987 |p 2791242 |r 2023-01-13 |s 2021-01-12 |w 2019-11-15 |y BK_R |k EDU | ||
| 952 | |0 0 |1 0 |4 0 |6 616_800000000000000_CAP_1987 |7 0 |8 R |9 210893 |a BIBEDU |b BIBEDU |c MCIRC |d 2019-11-15 |i 2791250 |l 4 |o 616.8 CAP 1987 |p 2791250 |r 2023-05-18 |s 2023-05-16 |w 2019-11-15 |y BK_R |k EDU | ||
| 952 | |0 0 |1 0 |4 0 |6 616_800000000000000_CAP_1987 |7 0 |8 R |9 210894 |a BIBEDU |b BIBEDU |d 2019-11-15 |i 2791269 |o 616.8 CAP 1987 |p 2791269 |r 2023-01-13 |w 2019-11-15 |y BK_R |k EDU | ||
| 952 | |0 0 |1 0 |4 0 |6 616_800000000000000_CAP_1987 |7 0 |8 R |9 210895 |a BIBEDU |b BIBEDU |d 2019-11-15 |i 2791277 |l 2 |o 616.8 CAP 1987 |p 2791277 |r 2022-03-28 |s 2022-03-24 |w 2019-11-15 |y BK_R |k EDU | ||
| 952 | |0 0 |1 0 |4 0 |6 616_800000000000000_CAP_1987 |7 0 |8 R |9 210896 |a BIBEDU |b BIBEDU |d 2019-11-15 |i 2791285 |o 616.8 CAP 1987 |p 2791285 |r 2023-01-13 |w 2019-11-15 |y BK_R |k EDU | ||